00701 2200265 4500001002100000005001700021008004100038020001800079035002400097082001100121090002000132100001700152245006800169250001100237260003500248300003000283500002900313650001000342700001700352850001500369980001500384985000600399999001500405999001500420YOGYA-0209000003586920090227025047.0 ind  a979-489-258-6 0010-020900000035869 a6334.5 a634.5bRah BlT aRahayu, Estu aBudidaya polong, pucuk dan baby kapricEstu Rahayu, Nur Berlian aCet. 1 aJakartabPenebar Swadayac1994 aviii, 77 hlmbilusc21 cm aBibliografi : hlm. 75-77 aKapri aBerlian, Nur aYOPDYOG(B) a10-14-2006 a2 a00P0004665 a00P0004666